Kisah hidup 8 ahli zuhud

Bibliographic Details
Main Author: Mohd Zaini bin Yahaya
Corporate Author: Title
Format: Book
Published: Selangor : Pustaka Ilmi , 2003
Subjects:

MARC

LEADER 00000cam a2200000 7i4500
001 0000008037
005 20080118.0
008 080118
020 |a 9830982173 
090 0 0 |a 297.61   |b MOH 
100 0 |a Mohd Zaini bin Yahaya 
245 1 0 |a Kisah hidup 8 ahli zuhud   |c Mohd Zaini bin Yahaya 
246 0 |a Kisah hidup lapan ahli zuhud 
260 |a Selangor :   |b Pustaka Ilmi ,   |c 2003 
650 0 |a Imam (Shiites)   |x Biography 
650 0 |a Muslim saints   |x Biography 
710 0 |a Title 
999 |a 0001006442   |b Book   |c Adult Collection   |e Perbadanan Perpustakaan Awam Johor 
999 |a 0001006443   |b Book   |c Adult Collection   |e Perbadanan Perpustakaan Awam Johor